Sports Quiz

Random Sports or MLB Quiz

MLB Hit Leaders by Decade Quiz Stats

 Plays Quiz Updated Oct 1, 2019

Score 0/14 Timer 04:00
0 Plays Today
Decade Player % Correct
1970sPete Rose
88%
2000sIchiro Suzuki
83.6%
1910sTy Cobb
79.8%
1900sHonus Wagner
50%
1920sRogers Hornsby
32.3%
1980sRobin Yount
31.1%
1880sCap Anson
30.4%
Decade Player % Correct
1960sRoberto Clemente
30.2%
2010sRobinson Cano
20.6%
1990sMark Grace
19.7%
1930sPaul Waner
15.3%
1890sEd Delahanty
8.9%
1950sRichie Ashburn
8.3%
1940sLou Boudreau
4.5%

You're not logged in!

Compare scores with friends on all Sporcle quizzes.
OR
Log In

Sporcle TV

Today on Sporcle TV


Watch our educational content, quiz creation guides, and fun videos on Sporcle TV.

Show Comments

Extras

Top Quizzes Today


Score Distribution

Your Account Isn't Verified!

In order to create a playlist on Sporcle, you need to verify the email address you used during registration. Go to your Sporcle Settings to finish the process.

Report this User

Report this user for behavior that violates our Community Guidelines.

Details: